| 000 | 009810am a2200253 004500 | ||
|---|---|---|---|
| 003 | EG-GiCUC | ||
| 008 | 080329m20069999ua a g 000 0 ara d | ||
| 017 |
_a1814 / 2006 _bمصر.دار الكتب |
||
| 020 | _a9772417321 | ||
| 040 |
_aEG-GiCUC _bara _cEG-GiCUC |
||
| 092 | 0 | 4 |
_a327.62 _bK9663 2006 _221 |
| 099 |
_a04 _a327.62 K9663 2006 |
||
| 245 | 0 | 0 |
_aكنت سفيرا لمصر : _bخبرات وتجارب سبعين سفيرا / _cاشراف وتحرير معهد الدراسات الدبلوماسية |
| 246 | 1 | 3 | _aReminscences of Egypt Ambassadors |
| 260 |
_aالقاهرة : _bمعهد الدراسات الدبلوماسية : _c2006- |
||
| 300 |
_aمج : _bايض ؛ _c24سم |
||
| 590 | _aتقتنى المكتبة الجزء الاول | ||
| 650 | 7 |
_aالدبلوماسيون المصريون _2qrmak |
|
| 650 | 7 |
_aالسفراء المصريون _2qrmak |
|
| 902 | _a1 | ||
| 905 |
_aعبير _eمدخل |
||
| 905 |
_aعمر _eمراجع |
||
| 942 |
_2ddc _cBK |
||
| 999 |
_c98478 _d98478 |
||